Trńsito e Vec̕ulos Responsabilidade civil e criminal /

Detalles Bibliográficos
Autor principal: Da Luz, Valdemar P.
Formato: eBook
Lenguaje:portugués
Publicado: San Pablo: JH Mizuno, 2018
Materias:
Acceso en línea:Acceso restringido

MARC

LEADER 00000nam a22000007a 4500
005 20190711020151.0
007 cr|||| ||||
008 190711s2018 br |||||s|||| 00||0 por d
020 |a 978-85-7789-324-9 
035 |a 23863 
040 |a vLex 
090 |c 9014  |d 9014 
100 1 |a Da Luz, Valdemar P. 
245 1 0 |a Trńsito e Vec̕ulos  |h [Recurso electrn̤ico] :  |b Responsabilidade civil e criminal /  |c Valdemar P. Da Luz 
256 |a Servicio en ln̕ea 
260 |a San Pablo:  |b JH Mizuno,  |c 2018 
300 |a 1 recurso electrn̤ico 
500 |a Dependendo das circunstńcias em que venha a ocorrer o acidente de trńsito, ele pode dar origem a aė̳s especf̕icas na r̀ea cv̕el ou criminal. É justamente na correta apreciaȯ̂ das circunstńcias que o advogado deve fundamentar o encaminhamento da lide, evitando o perigo das generalizaė̳s. Na hora de adquirir ou vender um vec̕ulo nô basta apenas negociar preȯ e condiė̳s. É preciso tambm̌ levar em conta os aspectos legais que envolvem a transfern̊cia da posse e da propriedade. Caso contrr̀io, podem surgir futuros aborrecimentos. Esta obra coloca ao alcance dos profissionais do direito, de forma didt̀ica e prt̀ica, todas as implicaė̳s decorrentes de um acidente de trńsito, qualquer que seja a modalidade, seja no campo cv̕el seja na r̀ea criminal. Aborda, ademais, todas as queste̳s judiciais e extrajudiciais relacionadas ao uso, cessô, emprštimo e aquisiȯ̂ de vec̕ulos, sem descurar do procedimento administrativo decorrente da imposiȯ̂ de multas por infraė̳s de trńsito. Dividida em seis partes, a obra aborda as diversas modalidades de acidentes de trńsito (Parte 1), as queste̳s relativas ao estabelecimento da responsabilidade civil e criminal decorrentes dos acidentes, as modalidades de aė̳s cv̕eis de indenizaȯ̂ (Parte 2), o processo administrativo decorrente de imposiȯ̂ de multas por infraė̳s de trńsito (Parte 3), noė̳s fundamentais a respeito da aquisiȯ̂, posse, transfern̊cia e emprštimo de vec̕ulos (Parte 4), complementada com um ementr̀io jurisprudencial cv̕el e criminal, distribud̕o em ordem alfabťica por assunto (Parte 5) e com uma parte referente ̉legislaȯ̂, contendo o Cd̤igo de Trńsito Brasileiro, alm̌ de outras normas e de Resoluė̳s emitidas pelo CONTRAN (Parte 6). Aqui o leitor encontrar,̀ ainda, um rico ementr̀io de jurisprudn̊cia cv̕el e criminal, destinado a complementar os inm︢eros temas minuciosamente expostos pelo autor. O n̕dice alfabťico-remissivo auxilia nas consultas e pesquisas. 
506 1 |a Disponible solo en los productos indicados  |d vLex Global  |d vLex Global (Academic Edition, excluding Law Schools)  |d vLex Global (U.S. Academic Edition, Law Schools)  |d vLex Global (U.S. Academic Edition, excluding Law Schools)  |d vLex Global (Academic Edition, Law Schools) 
650 0 4 |a Derecho Civil  |z Brasil 
650 0 4 |a Procedimiento Civil  |z Brasil 
740 0 |a vLex Libros (Servicio en ln̕ea) 
856 4 0 |u http://vlex.com/source/tr-nsito-e-veiculos-responsabilidade-civil-e-criminal-23863  |z Acceso restringido 
942 |c BOOK 
999 0 |a Civil Law 
999 0 |a Civil Procedure